Stability theory of structures (Record no. 11602)

000 -LEADER
fixed length control field 00539nam a2200205 4500
001 - CONTROL NUMBER
control field 11602
003 - CONTROL NUMBER IDENTIFIER
control field BD-DhUET
008 - FIXED-LENGTH DATA ELEMENTS--GENERAL INFORMATION
fixed length control field 150217b xxu||||| |||| 00| 0 eng d
020 ## - INTERNATIONAL STANDARD BOOK NUMBER
International Standard Book Number 0074515160
040 ## - CATALOGING SOURCE
Transcribing agency 0
Modifying agency BD-DhUET
082 ## - DEWEY DECIMAL CLASSIFICATION NUMBER
Classification number 624.17
Item number KUM/1985
100 ## - MAIN ENTRY--PERSONAL NAME
Personal name Kumar, Ashwini
245 ## - TITLE STATEMENT
Title Stability theory of structures
250 ## - EDITION STATEMENT
Edition statement 1st ed.
260 ## - PUBLICATION, DISTRIBUTION, ETC. (IMPRINT)
Place of publication, distribution, etc. New Delhi
Name of publisher, distributor, etc. Tata McGraw-Hill Publishing
Date of publication, distribution, etc. 1985
300 ## - PHYSICAL DESCRIPTION
Extent x,195 p.
Other physical details ill.
504 ## - BIBLIOGRAPHY, ETC. NOTE
Bibliography, etc Includes bibliographies
650 #0 - SUBJECT ADDED ENTRY--TOPICAL TERM
Topical term or geographic name as entry element Stability : Structural engineering
942 ## - ADDED ENTRY ELEMENTS (KOHA)
Koha item type General Book
Holdings
Sublocation or collection (holding branch) Lost status Copy number Koha item type Date acquired Koha normalized classification for sorting Shelving location Price effective from Damaged status Koha date last seen Koha full call number Source of classification or shelving scheme Withdrawn status Piece designation (barcode) Not for loan Location (home branch)
Central Library, BUET 1General Book2015-02-17624_170000000000000_KUM_1985Circulation section2015-02-17 2015-02-17624.17/KUM/1985  65949 Central Library, BUET
Central Library, BUET 2General Book2015-02-17624_170000000000000_KUM_1985Circulation section2015-02-17 2015-02-17624.17/KUM/1985  65947 Central Library, BUET
Central Library, BUET 3General Book2015-02-17624_170000000000000_KUM_1985Circulation section2015-02-17 2015-02-17624.17/KUM/1985  65948 Central Library, BUET
Central Library, BUET 4General Book2015-02-19624_170000000000000_KUM_1985Circulation section2015-02-19 2015-02-19624.17 /KUM/1985  65950  Central Library, BUET
Central Library, BUET 5General Book2015-03-12624_170000000000000_KUM_1985Circulation section2015-03-12 2015-03-12624.17/KUM/1985  65946 Central Library, BUET